The World's Next Megacities in 2030 - Statistics

General Stats
  • This quiz has been taken 59 times
  • The average score is 2 of 9
Answer Stats
City 2022 pop. 2030 pop. (est.) % Correct
Dar es Salaam 7,404,689 10,789,000
38%
Ho Chi Minh City 9,077,158 11,054,000
36%
Ahmedabad 8,450,228 10,148,000
32%
London 9,540,576 10,228,000
32%
Luanda 8,952,496 12,129,000
32%
Seoul 9,975,709 10,163,000
21%
Chengdu 9,478,521 10,728,000
17%
Tehran 9,381,546 10,240,000
17%
Nanjing 9,429,381 11,011,000
9%
No matching quizzes found
Score Distribution
Percent of People with Each Score
Percentile by Number Answered
Your Score History
You have not taken this quiz